Financial management (Record no. 1810)

MARC details
000 -LEADER
fixed length control field 00783 a2200205 4500
008 - FIXED-LENGTH DATA ELEMENTS--GENERAL INFORMATION
fixed length control field 090226t xxu||||| |||| 00| 0 eng d
020 ## - INTERNATIONAL STANDARD BOOK NUMBER
International Standard Book Number 8185989281
Terms of availability 385.00
035 ## - SYSTEM CONTROL NUMBER
System control number B-210641
037 ## - SOURCE OF ACQUISITION
Source of stock number/acquisition RP-ZLS-2700 / PANSY-07-08:1 / RP-07-08:ENG
082 ## - DEWEY DECIMAL CLASSIFICATION NUMBER
Classification number 658.15
100 ## - MAIN ENTRY--PERSONAL NAME
Personal name Rustagi, R.P.
245 ## - TITLE STATEMENT
Title Financial management
Remainder of title theory, concepts and problems
Statement of responsibility, etc by R.P. Rustagi
250 ## - EDITION STATEMENT
Edition statement 3rd rev. & enl. ed.
260 ## - PUBLICATION, DISTRIBUTION, ETC. (IMPRINT)
Place of publication, distribution, etc New Delhi
Name of publisher, distributor, etc Galgotia Publishing
Date of publication, distribution, etc 2006
270 ## - ADDRESS
Address 6A/4, W.E.A., Karol Bagh
City New Delhi
State or province Delhi
Postal code 110005
Telephone number 41450694
Fax number 23755150
Electronic mail address galgotiabooks@rediffmail.com
300 ## - PHYSICAL DESCRIPTION
Extent 1070 p
Dimensions 28 cm (pbk)
500 ## - GENERAL NOTE
General note includes appendix
942 ## - ADDED ENTRY ELEMENTS (KOHA)
Institution code [OBSOLETE] dpl
Item type English Books
Call number prefix 658.15 / RUS
Source of classification or shelving scheme Dewey Decimal Classification
Holdings
Withdrawn status Lost status Source of classification or shelving scheme Damaged status Not for loan Collection code Home library Current library Cost, normal purchase price Total Checkouts Full call number Barcode Date last seen Cost, replacement price Koha item type Public note
    Dewey Decimal Classification     Non-fiction Sarojini Nagar Sarojini Nagar 385.00   658.15 RUS B-210641 15/09/2008 385.00 English Books Withdrawn List Prepared L.No.104/21

© Delhi Public Library
Hit Counter
free hit counter